Handbook of relationship marketing / Jagdish N. Sheth, Atul Parvatiyar, editors.

Bibliographic Details
Other Authors: Sheth, Jagdish N., Parvatiyar, Atul
Format: Book
Language:English
Published: Thousand Oaks : New Delhi : Sage Publications ; Response Books, c2000.
Subjects:
Classic Catalogue: View this record in Classic Catalogue
LEADER 01534nam a2200337 a 4500
001 11793087
003 BD-DhAAL
005 20250713125138.0
008 091115s2000 caua b 01 0 eng d
010 |a \\\99050408  
020 |a 0761918108 (cloth : alk. paper) 
020 |a 8178291045 (pbk) 
020 |a 9788178291048 (pbk) 
040 |a DLC  |c DLC  |d DLC  |d BD-DhAAL 
082 0 0 |a 658.8  |2 21 
245 1 0 |a Handbook of relationship marketing /  |b Jagdish N. Sheth, Atul Parvatiyar, editors. 
246 3 0 |a Relationship marketing 
260 |a Thousand Oaks :  |b Sage Publications ;  |a New Delhi :  |b Response Books,  |c c2000. 
300 |a xvi, 660 pages :  |b illustrations ;  |c 22 cm. 
504 |a Includes bibliographical references and index. 
526 |x Requisitioned by Faculties of BBS Course name and no : N/A 
541 1 |a Karim International   |e 00019581 
650 0 |a Relationship marketing.  |9 2218 
650 0 |a Management. 
700 1 |a Sheth, Jagdish N.  |9 11885 
700 1 |a Parvatiyar, Atul.  |9 58726 
852 4 |a Ayesha Abed Library  |j General shelf 
942 |2 ddc  |c BK 
999 |c 5509  |d 5509 
952 |0 0  |1 0  |2 ddc  |4 0  |6 658_800000000000000_HAN  |7 0  |9 5384  |a BRACUL  |b BRACUL  |c GEN  |d 2009-11-15  |e Karim International  |g 1027.00  |l 0  |o 658.8 HAN  |p 3010019581  |r 2019-04-03  |t 1  |w 2009-11-15  |y BK  |x Requisitioned by Faculties of BBS. Course name and no. "not available". 
952 |0 0  |1 0  |2 ddc  |4 0  |6 658_800000000000000_HAN  |7 0  |9 18043  |a BRACUL  |b BRACUL  |c GEN  |d 2011-09-18  |l 0  |o 658.8 HAN  |p 3010013170  |r 2019-04-03  |t 2  |w 2011-09-18  |y BK  |x Price not available in Register